000 00475nam a2200157 a 4500
001 000032929
005 20200930065923.0
008 110801s1949 dr 000 0 spa d
040 _aDO-SdBNP
_bspa
_cBNPHU
082 _axxx
_bG643p
100 1 _aGonzález Lamarche, Gregorio
_958680
245 1 0 _aPáginas de mi breviario /
_cGregorio González Lamarche.
260 _aCiudad Trujillo, República Dominicana :
_bStella,
_c1949.
300 _a133 p. ;
_c21 cm.
049 _aBNPD
999 _c32420
_d32420